000 00312nam a22001337a 4500
008 170829b xxu||||| |||| 00| 0 eng d
020 _a9780757517464
041 _aeng
080 _a070
100 _a39
101 _aMED
245 _aPUBLIC SPEAKING THEOTY INTO PRACTICE
_cMAKAY.J.J
942 _2udc
_cBK
999 _c25298
_d25298